Games for trainers Vol.2

Bibliographic Details
Main Author: Kirby, Andy (Author)
Format: Book
Language:English
Published: Aldershot : Gower Publ. 1992
Subjects:

MARC

LEADER 00000cam a2200000 7i4500
001 0000003951
005 20240930.0
008 991207 enk eng
020 |a 0566072904 
040 |a INS   |b eng   |e rda 
090 0 0 |a HF5549.5.T7   |b K565 1992 
100 1 |a Kirby, Andy ,   |e author 
245 1 0 |a Games for trainers Vol.2   |c Andy Kirby 
264 1 |a Aldershot :   |b Gower Publ.   |c 1992 
300 |a ix, 163 pages ;   |c 24 cm. 
336 |a text  |2 rdacontent 
337 |a unmediated  |2 rdamedia 
338 |a volume  |2 rdacarrier 
650 0 |a Educational games 
650 0 |a Experiential learning   |x Problems,exercise etc. 
650 0 |a Simulation games in education 
999 |a 0000005194   |b BOOK   |c Open Shelf   |e Default branch